Country focus (Record no. 81539)

MARC details
000 -LEADER
fixed length control field 00995cab a22002055a 4500
001 - CONTROL NUMBER
control field L147445
008 - FIXED-LENGTH DATA ELEMENTS--GENERAL INFORMATION
fixed length control field 090512e20090508xxkdo f s 000 0 eng d
035 ## - SYSTEM CONTROL NUMBER
System control number (Sirsi) u147445
041 0# - LANGUAGE CODE
Language code of text/sound track or separate title eng
100 1# - MAIN ENTRY--PERSONAL NAME
Personal name Momcilovic, Milan
245 00 - TITLE STATEMENT
Title Country focus
Remainder of title Croatia
260 ## - PUBLICATION, DISTRIBUTION, ETC.
Date of publication, distribution, etc. 2009
490 #0 - SERIES STATEMENT
Series statement Building
Volume/sequential designation 274 (8578) 8 May 2009, 50-52 (3)
520 ## - SUMMARY, ETC.
Summary, etc. Examines Croatia's economy and its construction market. Reports that Croatia has an operational market economy with stable macroeconomic indicators. It is one of the emerging markets which has coped well with the international crisis. The GDP growth rate was 5.5% in 2007, and inflation is low. Construction has made up 5.5% of Croatia's GDP. However, the construction industry faces current lack of funds. Includes tables of the Croatian economy at glance and construction costs.
590 ## - LOCAL NOTE (RLIN)
Local note KA
651 #4 - SUBJECT ADDED ENTRY--GEOGRAPHIC NAME
Geographic name Croatia
690 ## - LOCAL SUBJECT ADDED ENTRY--TOPICAL TERM (OCLC, RLIN)
Topical term or geographic name as entry element BUILT ENVIRONMENT-CONSTRUCTION MARKET
690 ## - LOCAL SUBJECT ADDED ENTRY--TOPICAL TERM (OCLC, RLIN)
Topical term or geographic name as entry element BUILT ENVIRONMENT-BUILDING COSTS
942 ## - ADDED ENTRY ELEMENTS (KOHA)
Suppress in OPAC 0
Holdings
Withdrawn status Lost status Source of classification or shelving scheme Damaged status Not for loan Home library Current library Shelving location Date acquired Total Checkouts Full call number Barcode Date last seen Copy number Price effective from Koha item type
    Dewey Decimal Classification     London London Journal article 12/05/2009   L147445 147445-1001 06/08/2019 1 06/08/2019 Journal article